000 00887nam a2200265Ia 4500
003 OSt
005 20220918172002.0
006 a|||||r|||| 00| 0
007 ta
008 220917b |||||||| |||| 00| 0 eng d
020 _a9788194538707 (hbk)
_cINR 3600.00
024 _a354,265
037 _b117, 28/12/2021, Eastern Book Linkers
_cTextual
040 _aARTS
_cARTS
_beng
041 _2eng
_aeng
082 _aP,3, R0
100 _aChandra Lokesh Ed.
_96125
245 0 _aIndianization of scientific terms
_b writings and notes of the late Prof. Raghu Vira
260 _aNew Delhi
_bInternational Academy India
_c2020
300 _a390p.
_ccm.
490 _aSata - pitaka series : indo - Asian literatures; Vol. 661
650 _aLINGUISTICS
942 _hP,3, R0
_cTEXL
_2CC
999 _c142156
_d142156